The Dark Side of Humanity : (Record no. 607853)

MARC details
000 -LEADER
fixed length control field 00498nam a2200193 a 4500
008 - FIXED-LENGTH DATA ELEMENTS--GENERAL INFORMATION
fixed length control field 260108s1996##################000#0#eng##
020 ## - INTERNATIONAL STANDARD BOOK NUMBER
ISBN 9783718658619
082 04 - DEWEY DECIMAL CLASSIFICATION NUMBER
Classification number 301.092
Item number PAR
100 1# - MAIN ENTRY--AUTHOR NAME
Personal name Parkin, Robert,
245 10 - TITLE STATEMENT
Title The Dark Side of Humanity :
260 ## - PUBLICATION, DISTRIBUTION, ETC. (IMPRINT)
Name of publisher Psychology Press,
Year of publication 1996.
300 ## - PHYSICAL DESCRIPTION
Number of Pages 246 pages
650 #0 - SUBJECT ADDED ENTRY--TOPICAL TERM
Topical Term Philosophy.
942 ## - ADDED ENTRY ELEMENTS (KOHA)
Koha item type English Books
Holdings
Withdrawn status Lost status Damaged status Not for loan Home library Current library Shelving location Date acquired Full call number Accession Number Price effective from Koha item type
        Anna Centenary Library Anna Centenary Library 3RD FLOOR, B WING 08.01.2026 301.092 PAR 177307 08.01.2026 English Books

Find us on the map